[Event "Titled Tuesday intern op 2nd Dec"]
[Site "Chess.com INT"]
[Date "2017.12.05"]
[Round "1"]
[White "Erdogdu, Mert"]
[Black "Juez, Jhon Alexander"]
[Result "1-0"]
[WhiteElo "2411"]
[BlackElo "2028"]
[PlyCount "118"]
[EventDate "2017.12.05"]
[EventType "swiss (blitz)"]
[EventRounds "10"]
[EventCountry "USA"]
[SourceTitle "EXT 2021"]
[Source "ChessBase"]
[SourceDate "2020.10.23"]
[SourceVersion "1"]
[SourceVersionDate "2020.10.23"]
[SourceQuality "1"]

1. e4 e5 2. Nf3 Nc6 3. Bc4 Nf6 4. d3 Be7 5. 0-0 d6 6. a4 0-0 7. Re1 Bg4 8. h3 Bh5 9. Nbd2 Nd4 10. c3 Nxf3+ 11. Nxf3 c6 12. d4 Qc7 13. a5 a6 14. Bb3 Rad8 15. Qd3 Bg6 16. Nh4 Bxe4 17. Rxe4 Nxe4 18. Qxe4 d5 19. Qg4 Bxh4 20. Qxh4 exd4 21. cxd4 Rfe8 22. Be3 Re4 23. Qh5 Rd6 24. Bc2 Qe7 25. Bxe4 Qxe4 26. Qe5 Re6 27. Qxe4 Rxe4 28. b4 f5 29. g3 h6 30. h4 Kf7 31. Kg2 Kf6 32. Kf3 g5 33. hxg5+ hxg5 34. Rd1 Kg6 35. Rh1 f4 36. gxf4 gxf4 37. Bxf4 Rxd4 38. Rh6+ Kf5 39. Rh5+ Ke6 40. Rh6+ Kf5 41. Bd6 Rd3+ 42. Ke2 Rb3 43. Rh7 Ke4 44. f3+ Kd4 45. Rxb7 Rb2+ 46. Kf1 Ke3 47. Rf7 d4 48. Bc5 Rb1+ 49. Kg2 Rb2+ 50. Kg3 Rd2 51. Rd7 Kd3 52. Rxd4+ Ke3 53. Rxd2+ Kxd2 54. f4 Kd3 55. f5 Ke4 56. f6 Ke5 57. f7 Ke6 58. f8Q Kd7 59. Qd6+ Kc8 1-0

[Event "COL sub zt 2.3.4"]
[Site "La Dorada"]
[Date "2016.11.02"]
[Round "1"]
[White "Juez, Jhon Alexander"]
[Black "Medina Coneo, Arlintong"]
[Result "1-0"]
[WhiteElo "2054"]
[BlackElo "1728"]
[PlyCount "69"]
[EventDate "2016.11.02"]
[EventType "swiss"]
[EventRounds "9"]
[EventCountry "COL"]
[SourceTitle "CBM 175 Extra"]
[Source "ChessBase"]
[SourceDate "2016.12.12"]
[SourceVersion "1"]
[SourceVersionDate "2016.12.12"]
[SourceQuality "1"]

1. e4 c5 2. d4 cxd4 3. c3 dxc3 4. Nxc3 e6 5. Bc4 Bb4 6. Nf3 Bxc3+ 7. bxc3 Qc7 8. Ba3 b5 9. Qd4 Nf6 10. Bxb5 Bb7 11. Qb4 Nc6 12. Bxc6 dxc6 13. Rb1 Ba6 14. Ne5 Nd5 15. Qc5 Nf4 16. Rd1 Nxg2+ 17. Kd2 0-0-0+ 18. Kc2 Bb5 19. Rdg1 f6 20. Rxg2 fxe5 21. Kc1 Rd3 22. Rg3 Rhd8 23. Rxd3 Bxd3 24. Rd1 Qb6 25. Bb4 Rd7 26. Qf8+ Kb7 27. Rd2 a5 28. Rb2 Bb5 29. Bc5 Qc7 30. a4 Rd3 31. axb5 Rxc3+ 32. Kd2 Rc4 33. bxc6+ Kxc6 34. Rb6+ Qxb6 35. Qd6+ 1-0

[Event "Bogota Millonario op"]
[Site "Bogota"]
[Date "2015.12.21"]
[Round "6"]
[White "Castaneda Jimenez, Jhon David"]
[Black "Juez, Jhon Alexander"]
[Result "1/2-1/2"]
[WhiteElo "2228"]
[BlackElo "2068"]
[PlyCount "66"]
[EventDate "2015.12.18"]
[EventType "swiss"]
[EventRounds "9"]
[EventCountry "COL"]
[SourceTitle "EXT 2017"]
[Source "ChessBase"]
[SourceDate "2016.10.25"]
[SourceVersion "1"]
[SourceVersionDate "2016.10.25"]
[SourceQuality "1"]

1. d4 f5 2. Bg5 Nf6 3. Bxf6 exf6 4. e3 d5 5. Bd3 Bd6 6. Qf3 g6 7. h4 c6 8. h5 Kf7 9. Nc3 Be6 10. Nge2 Na6 11. a3 Qa5 12. 0-0 Qd8 13. b4 Qf8 14. Nf4 Qh6 15. Nce2 Nc7 16. Rfc1 b5 17. a4 a6 18. c3 Bd7 19. Ng3 Ne6 20. Nxe6 Bxe6 21. Ra2 f4 22. exf4 Bxf4 23. Rca1 Qg5 24. Be2 Bxg3 25. fxg3 Rae8 26. axb5 axb5 27. Ra7+ Re7 28. Rxe7+ Kxe7 29. Ra7+ Bd7 30. Qf4 Qxf4 31. gxf4 Re8 32. h6 Kd6 33. Kf2 Re7 1/2-1/2

[Event "Bogota Millonario op"]
[Site "Bogota"]
[Date "2015.12.18"]
[Round "2"]
[White "Olarte Parra, Jhoan Sebastian"]
[Black "Juez, Jhon Alexander"]
[Result "1/2-1/2"]
[WhiteElo "1988"]
[BlackElo "2068"]
[PlyCount "21"]
[EventDate "2015.12.18"]
[EventType "swiss"]
[EventRounds "9"]
[EventCountry "COL"]
[SourceTitle "EXT 2017"]
[Source "ChessBase"]
[SourceDate "2016.10.25"]
[SourceVersion "1"]
[SourceVersionDate "2016.10.25"]
[SourceQuality "1"]

1. f4 f5 2. Nf3 Nf6 3. b3 g6 4. Bb2 Bg7 5. e3 0-0 6. d4 c6 7. Bd3 d6 8. Nbd2 h6 9. Qe2 a5 10. c4 Re8 11. 0-0 1/2-1/2